| 000 | 00885pam a2200265 a 4500 | ||
|---|---|---|---|
| 001 | 1198787 | ||
| 005 | 20180209070938.0 | ||
| 008 | 980610s1999 mdu b 001 0 eng | ||
| 010 | _a 98028145 | ||
| 020 | _a0847685861 (alk. paper) | ||
| 020 | _a084768587X (pbk. : alk. paper) | ||
| 040 |
_aDLC _cDLC _dDLC |
||
| 041 | _aeng | ||
| 043 |
_an-us--- _an-us-ct |
||
| 080 | _a306.708. 352 REN | ||
| 082 | 0 | 0 |
_a306.708. 352 REN _221 |
| 100 | 1 | _a22 | |
| 101 | _aPOL | ||
| 245 | 1 | 0 |
_aPutting risk in perspective : _cRenée T. White. |
| 504 | _aIncludes bibliographical references (p. 193-210) and index. | ||
| 906 |
_a7 _bcbc _corignew _d1 _eocip _f19 _gy-gencatlg |
||
| 942 |
_2ddc _cBK |
||
| 999 |
_c42248 _d42248 |
||